[Event "Havirov op 11th"]
[Site "Havirov"]
[Date "2010.08.28"]
[Round "8"]
[White "Cujdik, Jiri"]
[Black "Bulava, Petr"]
[Result "0-1"]
[WhiteElo "2039"]
[BlackElo "2079"]
[PlyCount "122"]
[EventDate "2010.08.21"]
[EventType "swiss"]
[EventRounds "9"]
[EventCountry "CZE"]
[SourceTitle "CBM 138 Extra"]
[Source "ChessBase"]
[SourceDate "2010.10.29"]
[SourceVersion "1"]
[SourceVersionDate "2010.10.29"]
[SourceQuality "1"]

1. e4 e5 2. Nf3 Nc6 3. d4 exd4 4. Bc4 Bc5 5. c3 Nf6 6. cxd4 Bb4+ 7. Bd2 Bxd2+ 8. Nbxd2 d5 9. exd5 Nxd5 10. Qb3 Nce7 11. 0-0 0-0 12. Rfe1 c6 13. Ne4 b5 14. Bd3 Nf4 15. Rad1 Be6 16. Qc2 Nxd3 17. Rxd3 Nd5 18. a3 Rc8 19. Qc5 Qb6 20. Qd6 Rfd8 21. Qe5 Qc7 22. Rc1 Qxe5 23. Nxe5 Nf4 24. Rd2 Rxd4 25. Rxd4 Ne2+ 26. Kf1 Nxd4 27. Rd1 Rd8 28. Nc5 f6 29. Nxe6 Nxe6 30. Rxd8+ Nxd8 31. Nd3 Kf7 32. Nc5 Ke7 33. Ke2 Kd6 34. Nd3 a5 35. Ke3 Ne6 36. Ne1 c5 37. Nf3 c4 38. Nh4 g6 39. Nf3 b4 40. axb4 axb4 41. Nd2 Kd5 42. Ne4 Ke5 43. Nd2 c3 44. bxc3 bxc3 45. Nf3+ Kf5 46. h3 g5 47. g3 Nc5 48. Ne1 Ke5 49. Nc2 h5 50. Nb4 h4 51. gxh4 gxh4 52. Nc6+ Kd5 53. Nd4 Kc4 54. Ne2 Nd3 55. Kf3 c2 56. Ke3 c1Q+ 57. Nxc1 Nxc1 58. Ke4 Nd3 59. Kf5 Nxf2 60. Kxf6 Nxh3 61. Kf5 Ng5 0-1

[Event "Orlova op 5th"]
[Site "Orlova"]
[Date "2008.05.21"]
[Round "5"]
[White "Cujdik, Jiri"]
[Black "Kwiatkowski, Zygmunt"]
[Result "1-0"]
[WhiteElo "2049"]
[BlackElo "1603"]
[PlyCount "127"]
[EventDate "2008.05.17"]
[EventType "swiss"]
[EventRounds "9"]
[EventCountry "CZE"]
[SourceTitle "EXT 2012"]
[Source "ChessBase"]
[SourceDate "2011.11.24"]
[SourceVersion "1"]
[SourceVersionDate "2011.11.24"]
[SourceQuality "1"]

1. e4 g6 2. d4 Bg7 3. Nf3 d6 4. h3 Nf6 5. Bd3 c6 6. Nc3 Nbd7 7. e5 dxe5 8. dxe5 Nd5 9. Nxd5 cxd5 10. e6 fxe6 11. Ng5 Ne5 12. 0-0 0-0 13. Be2 Nf7 14. Bf3 Nxg5 15. Bxg5 Bxb2 16. Bh6 Bxa1 17. Qxa1 Rf7 18. Rd1 Bd7 19. c4 Bc6 20. Bg4 Qd6 21. Re1 Bd7 22. c5 Qxc5 23. Be3 Qd6 24. Bd4 Raf8 25. Be5 Qa6 26. f4 Rc8 27. Kh2 Rc2 28. Qd1 Qxa2 29. Qf3 Qc4 30. Qg3 Kf8 31. Bd1 Rd2 32. Bb3 Qd3 33. Re3 Qf1 34. Rf3 Qb5 35. Bc3 Re2 36. Bd1 Re4 37. Bc2 Bc6 38. Bxe4 dxe4 39. Re3 Qf5 40. Be5 a5 41. Qe1 g5 42. g3 gxf4 43. gxf4 a4 44. Qa5 Qg6 45. Qd8+ Be8 46. Qd1 Qh5 47. Qg1 Rf5 48. Rg3 Bg6 49. Qd4 Rxe5 50. fxe5 Qe2+ 51. Rg2 Qb5 52. Rb2 Qd5 53. Qf2+ Bf5 54. Qf4 b5 55. Rd2 Qa8 56. h4 a3 57. Qh6+ Ke8 58. Qg7 Qd5 59. Rxd5 exd5 60. Qg8+ Kd7 61. Qxd5+ Ke8 62. e6 Bxe6 63. Qxe6 b4 64. Qxe4 1-0

[Event "Orlova op 5th"]
[Site "Orlova"]
[Date "2008.05.19"]
[Round "3"]
[White "Cujdik, Jiri"]
[Black "Rydzewski, Pawel"]
[Result "1-0"]
[WhiteElo "2049"]
[BlackElo "1671"]
[PlyCount "45"]
[EventDate "2008.05.17"]
[EventType "swiss"]
[EventRounds "9"]
[EventCountry "CZE"]
[SourceTitle "EXT 2012"]
[Source "ChessBase"]
[SourceDate "2011.11.24"]
[SourceVersion "1"]
[SourceVersionDate "2011.11.24"]
[SourceQuality "1"]

1. e4 e6 2. d4 d5 3. Nc3 Bb4 4. Bd3 Nf6 5. e5 Nfd7 6. Qg4 g6 7. Bh6 c5 8. Nf3 cxd4 9. 0-0 dxc3 10. Qxb4 cxb2 11. Qxb2 Nc6 12. a4 Qc7 13. Rfe1 Nc5 14. Qa3 b6 15. Bb5 Bd7 16. Bxc6 Qxc6 17. a5 b5 18. a6 Ne4 19. Rxe4 dxe4 20. Bg5 f6 21. Bxf6 Kf7 22. Qe7+ Kg8 23. Qg7# 1-0

[Event "Karvina op"]
[Site "Karvina"]
[Date "2005.07.10"]
[Round "9"]
[White "Cujdik, Jiri"]
[Black "Sincl, Josef"]
[Result "1-0"]
[WhiteElo "2120"]
[BlackElo "1984"]
[PlyCount "74"]
[EventDate "2005.07.02"]
[EventType "swiss"]
[EventRounds "9"]
[EventCountry "CZE"]
[SourceTitle "CBM 107 Extra"]
[Source "ChessBase"]
[SourceDate "2005.09.01"]
[SourceVersion "1"]
[SourceVersionDate "2005.09.01"]
[SourceQuality "1"]

1. f4 d5 2. Nf3 c5 3. e3 g6 4. Nc3 Nf6 5. b3 Bg7 6. Bb2 0-0 7. Be2 Nc6 8. 0-0 a6 9. a4 Ne4 10. Qe1 Nb4 11. Bd1 Bf5 12. d3 Nd6 13. Ne5 f6 14. Nf3 e5 15. e4 dxe4 16. dxe4 Be6 17. fxe5 fxe5 18. Qg3 Nf7 19. Rf2 Nc6 20. Ba3 b6 21. Be2 Nd4 22. Rd1 Nxe2+ 23. Rxe2 Qf6 24. Nd5 Bxd5 25. exd5 Rfd8 26. Bb2 Qf5 27. Bxe5 Re8 28. Rde1 Bxe5 29. Nxe5 Nxe5 30. Rxe5 Rxe5 31. Qxe5 Qxc2 32. Qe6+ Kg7 33. Qe7+ Kg8 34. Rf1 Qd3 35. d6 Qd4+ 36. Kh1 Qg7 37. Qe6+ Kh8 1-0

[Event "Karvina op"]
[Site "Karvina"]
[Date "2005.07.09"]
[Round "8"]
[White "Snopek, Jiri"]
[Black "Cujdik, Jiri"]
[Result "1/2-1/2"]
[WhiteElo "2017"]
[BlackElo "2120"]
[PlyCount "56"]
[EventDate "2005.07.02"]
[EventType "swiss"]
[EventRounds "9"]
[EventCountry "CZE"]
[SourceTitle "CBM 107 Extra"]
[Source "ChessBase"]
[SourceDate "2005.09.01"]
[SourceVersion "1"]
[SourceVersionDate "2005.09.01"]
[SourceQuality "1"]

1. Nf3 f5 2. c4 Nf6 3. g3 e6 4. Bg2 c6 5. b3 Be7 6. Bb2 d5 7. 0-0 0-0 8. d3 c5 9. cxd5 exd5 10. d4 Nc6 11. Nc3 Be6 12. Ng5 Qd7 13. Nxe6 Qxe6 14. e3 Rad8 15. Rc1 f4 16. exf4 Nxd4 17. Re1 Qd7 18. Na4 b6 19. b4 Nc6 20. bxc5 b5 21. Nc3 a6 22. Ne2 Ne4 23. Bd4 Nxd4 24. Nxd4 Nxc5 25. Re5 Ne4 26. Ne6 Bf6 27. Nxf8 Kxf8 28. Qc2 Bxe5 1/2-1/2

[Event "Karvina op"]
[Site "Karvina"]
[Date "2005.07.04"]
[Round "3"]
[White "Cujdik, Jiri"]
[Black "Helis, Tadeusz"]
[Result "0-1"]
[WhiteElo "2120"]
[BlackElo "2354"]
[PlyCount "84"]
[EventDate "2005.07.02"]
[EventType "swiss"]
[EventRounds "9"]
[EventCountry "CZE"]
[SourceTitle "CBM 107 Extra"]
[Source "ChessBase"]
[SourceDate "2005.09.01"]
[SourceVersion "1"]
[SourceVersionDate "2005.09.01"]
[SourceQuality "1"]

1. d4 Nf6 2. Nf3 g6 3. g3 Bg7 4. Bg2 0-0 5. 0-0 d6 6. b3 c5 7. Bb2 Nc6 8. d5 Nb4 9. c4 b5 10. a3 Na6 11. Nbd2 Rb8 12. Qc2 bxc4 13. bxc4 Rxb2 14. Qxb2 Nxd5 15. Qc2 Bxa1 16. Rxa1 Nb6 17. h4 Bg4 18. Qe4 Qd7 19. Rd1 f5 20. Qd3 f4 21. Ng5 Bf5 22. e4 fxe3 23. Qxe3 Nc7 24. Re1 e5 25. f4 exf4 26. gxf4 Re8 27. Nge4 Qg7 28. Qd3 Re6 29. Nf3 h6 30. Kf2 Kh8 31. Kg3 d5 32. cxd5 Ncxd5 33. Ne5 Nxf4 34. Qd8+ Kh7 35. Ng4 Nh5+ 36. Kh3 Nd7 37. Bf3 c4 38. Rd1 Ne5 39. Nc5 Re7 40. Be2 Nf4+ 41. Kh2 Nxe2 42. Nxe5 Qxe5+ 0-1

[Event "Orlova op 2nd"]
[Site "Orlova"]
[Date "2005.05.??"]
[Round "5"]
[White "Cujdik, Jiri"]
[Black "Kraus, Frantisek"]
[Result "0-1"]
[WhiteElo "2133"]
[BlackElo "2113"]
[PlyCount "78"]
[EventDate "2005.05.21"]
[EventType "swiss"]
[EventRounds "9"]
[EventCountry "CZE"]
[SourceTitle "EXT 2008"]
[Source "ChessBase"]
[SourceDate "2007.11.25"]
[SourceVersion "1"]
[SourceVersionDate "2007.11.25"]
[SourceQuality "1"]

1. Nf3 Nf6 2. b3 d6 3. Bb2 g6 4. g3 Bg7 5. Bg2 0-0 6. d4 Nbd7 7. Nbd2 c6 8. 0-0 Qc7 9. Nc4 b5 10. Ncd2 Bb7 11. c4 Rac8 12. Rc1 Qb8 13. c5 Nd5 14. Qc2 b4 15. Nb1 a5 16. e4 Nc7 17. Bh3 Rcd8 18. Rfd1 Bh6 19. Nfd2 dxc5 20. dxc5 Na6 21. Bxd7 Rxd7 22. f4 Rfd8 23. Nc4 Nxc5 24. Rxd7 Nxd7 25. Qf2 Qc7 26. Nbd2 c5 27. Ne5 Bg7 28. Nec4 Nf6 29. Be5 Qd7 30. Re1 Ng4 31. Qxc5 Rc8 32. Qb6 Nxe5 33. fxe5 Bxe5 34. Nf3 Bc3 35. Re3 f5 36. Nce5 Bxe5 37. Nxe5 Qd1+ 38. Kg2 Rc2+ 39. Kh3 Qh5# 0-1

[Event "Karvina op"]
[Site "Karvina"]
[Date "2002.??.??"]
[Round "2.7"]
[White "Splosnov, Sergei"]
[Black "Cujdik, Jiri"]
[Result "1-0"]
[WhiteElo "2399"]
[BlackElo "2178"]
[PlyCount "45"]
[EventDate "2002.06.25"]
[EventType "swiss"]
[EventRounds "9"]
[EventCountry "CZE"]
[SourceTitle "EXT 2003"]
[Source "ChessBase"]
[SourceDate "2002.11.25"]
[SourceVersion "1"]
[SourceVersionDate "2002.11.25"]
[SourceQuality "1"]

1. Nf3 d5 2. d4 Nf6 3. c4 e6 4. g3 c5 5. cxd5 exd5 6. Nc3 Nc6 7. Bg2 Be7 8. 0-0 0-0 9. Bg5 cxd4 10. Nxd4 h6 11. Be3 Re8 12. Rc1 Bg4 13. h3 Be6 14. Kh2 Qd7 15. Qc2 Rac8 16. Rfd1 Ne5 17. Nxe6 fxe6 18. Qb3 a6 19. Bd4 Bd6 20. e4 Nc4 21. Bxf6 gxf6 22. exd5 e5 23. Ne4 1-0

[Event "Karvina op"]
[Site "Karvina"]
[Date "2001.07.02"]
[Round "3"]
[White "Cujdik, Jiri"]
[Black "Szymanski, Marcin"]
[Result "1/2-1/2"]
[WhiteElo "2151"]
[BlackElo "2359"]
[PlyCount "52"]
[EventDate "2001.06.30"]
[EventType "swiss"]
[EventRounds "9"]
[EventCountry "CZE"]
[SourceTitle "EXT 2002"]
[Source "ChessBase"]
[SourceDate "2001.11.25"]
[SourceVersion "1"]
[SourceVersionDate "2001.11.25"]
[SourceQuality "1"]

1. d4 e6 2. e4 d5 3. exd5 exd5 4. Bd3 Nc6 5. Nf3 Bg4 6. c3 Bd6 7. 0-0 Nge7 8. Bg5 f6 9. Bh4 Qd7 10. Bg3 0-0-0 11. Bxd6 Qxd6 12. Nbd2 h5 13. b4 Rde8 14. Qa4 Kb8 15. Bb5 g5 16. Rfe1 h4 17. Bxc6 Nxc6 18. Rxe8+ Rxe8 19. b5 Nd8 20. b6 Nc6 21. bxc7+ Qxc7 22. c4 Qd7 23. h3 Bxf3 24. Nxf3 dxc4 25. Qxc4 g4 26. hxg4 Qxg4 1/2-1/2

[Event "Karvina op"]
[Site "Karvina"]
[Date "2000.??.??"]
[Round "3"]
[White "Szymanski, Marcin"]
[Black "Cujdik, Jiri"]
[Result "1/2-1/2"]
[WhiteElo "2335"]
[BlackElo "2138"]
[PlyCount "79"]
[EventDate "2000.??.??"]
[EventType "swiss"]
[EventRounds "10"]
[EventCountry "CZE"]
[SourceTitle "EXT 2006"]
[Source "ChessBase"]
[SourceDate "2005.11.24"]
[SourceVersion "1"]
[SourceVersionDate "2005.11.24"]
[SourceQuality "1"]

1. d4 d5 2. c4 e6 3. Nc3 c5 4. cxd5 exd5 5. Nf3 Nc6 6. g3 Nf6 7. Bg2 Be7 8. 0-0 0-0 9. dxc5 Bxc5 10. Bg5 d4 11. Bxf6 Qxf6 12. Nd5 Qd6 13. Nd2 Be6 14. Nf4 Bf5 15. Rc1 Rfe8 16. Qb3 Rab8 17. Bd5 Ne5 18. Nc4 Qf8 19. Nxe5 Rxe5 20. Nd3 Bxd3 21. exd3 Bb6 22. Rfe1 Re7 23. Re4 Rxe4 24. Bxe4 Kh8 25. Qb5 Qe7 26. a4 g6 27. a5 Bc7 28. Qc4 Be5 29. Bd5 Kg7 30. Re1 Qf6 31. Re4 b5 32. Qc5 Qd6 33. Qxd6 Bxd6 34. Rxd4 Bc5 35. Rf4 f5 36. d4 Bb4 37. a6 Rd8 38. Bc6 Bd2 39. Rf3 Rxd4 40. Bxb5 1/2-1/2